000 01205cam a22001814a 4500
005 20250605163309.0
008 250528s ||||||||||||||||||||||||d
035 _a16292
020 _a751770183
040 _aGR-AtMCL
_bgre
_dGR-AtMCL
_eAACR2
245 1 _aBTEC HNC HND Business / Option Module Nine: Personnel Management in the Organisation
260 _bBpp Publishing,
_c1996
300 _a240
520 _aThis Text on Market Relations has been written specifically for Core Module 1 of the BTEC HNC in Business. It gives full coverage of the BTEC Guidelines for learning outcomes and suggested content. Preface, BTEC Guidelines, Study Guide, Personnel Policy and Practice, Policy Frameworks, Personnel and Human Resource Management, Personnel Management and the Organization, Employment Legislation, Equal Opportunities, Health and Safety, Human Resource Planning and the Labor Market, Human Resource Planning, National and International Labor Markets, Personnel Administrative and Information Systems, Skills Audit and Evaluation, Training and Development, Performance Appraisal, Answers to Assignments, Glossary, Index, Review Form.
942 _cBK
999 _c1809
_d1809